Marathi Sanshodhan Patrikaa (Record no. 345554)
[ view plain ]
| 000 -LEADER | |
|---|---|
| fixed length control field | 005550000a22002170004500 |
| 040 ## - CATALOGING SOURCE | |
| Original cataloging agency | MAR |
| 005 - DATE AND TIME OF LATEST TRANSACTION | |
| control field | 20120302054418.0 |
| 245 ## - TITLE STATEMENT | |
| Title | Marathi Sanshodhan Patrikaa |
| 260 ## - PUBLICATION, DISTRIBUTION, ETC. (IMPRINT) | |
| Place of publication, distribution, etc | Mumbai:Marathi Sanshodhan Mandal,1979. |
| 365 ## - TRADE PRICE | |
| Price amount | 1.50/- |
| 300 ## - PHYSICAL DESCRIPTION | |
| Extent | 103p. |
| 650 ## - SUBJECT ADDED ENTRY--TOPICAL TERM | |
| Topical term or geographic name as entry element | Sankirna |
| 650 ## - SUBJECT ADDED ENTRY--TOPICAL TERM | |
| Topical term or geographic name as entry element | Traimaasik-Marathi Sanshodhan Patrikaa |
| 650 ## - SUBJECT ADDED ENTRY--TOPICAL TERM | |
| Topical term or geographic name as entry element | Dnyandevacha Shodha |
| 650 ## - SUBJECT ADDED ENTRY--TOPICAL TERM | |
| Topical term or geographic name as entry element | Vishnu-Vishwaroop |
| 650 ## - SUBJECT ADDED ENTRY--TOPICAL TERM | |
| Topical term or geographic name as entry element | Maarathi Koriva Lekh |
| 650 ## - SUBJECT ADDED ENTRY--TOPICAL TERM | |
| Topical term or geographic name as entry element | Moropanta |
| 650 ## - SUBJECT ADDED ENTRY--TOPICAL TERM | |
| Topical term or geographic name as entry element | Aprakashita Kavya |
| 650 ## - SUBJECT ADDED ENTRY--TOPICAL TERM | |
| Topical term or geographic name as entry element | Marathi Bhasha-Mool |
| 942 ## - ADDED ENTRY ELEMENTS (KOHA) | |
| Koha item type | Book |
| Withdrawn status | Lost status | Damaged status | Not for loan | Home library | Current library | Date acquired | Total Checkouts | Barcode | Date last seen | Price effective from |
|---|---|---|---|---|---|---|---|---|---|---|
| Institute For Oriental Study, Thane | Institute For Oriental Study, Thane | 12/02/2009 | IOS-1264 | 12/02/2009 | 12/02/2009 |